European Energy Independence Through Investing in Renewables Empowering Freedom
Gespeichert in:
| Weitere Verfasser: | , , |
|---|---|
| Format: | Buch |
| Sprache: | Englisch |
| Veröffentlicht: |
Abingdon
Routledge/Taylor & Francis Group
2026
|
| Ausgabe: | 1st Edition |
| Schlagworte: | |
| Tags: |
Keine Tags, Fügen Sie das erste Tag hinzu!
|
MARC
| LEADER | 00000nam a2200000 4500 | ||
|---|---|---|---|
| 001 | 0313159 | ||
| 005 | 20260115134153.7 | ||
| 020 | |a 9781040408629 | ||
| 041 | 0 | |a eng | |
| 044 | |a GB | ||
| 245 | 1 | 0 | |a European Energy Independence Through Investing in Renewables |b Empowering Freedom |c Edited by Julije Domac, Velimir Šegon and Filip Dumitriu |
| 250 | |a 1st Edition | ||
| 264 | 1 | |a Abingdon |b Routledge/Taylor & Francis Group |c 2026 | |
| 300 | |a 224 s. | ||
| 500 | |a ProQuest e-books. | ||
| 610 | 2 | 0 | |a zdroje energie obnoviteľné |
| 610 | 2 | 0 | |a udržateľnosť |
| 610 | 2 | 0 | |a Európska únia |
| 610 | 2 | 0 | |a politika energetická |
| 610 | 2 | 0 | |a politika environmentálna |
| 610 | 2 | 0 | |a stratégia hospodárska |
| 610 | 2 | 0 | |a vzťahy medzinárodné |
| 610 | 2 | 0 | |a kríza energetická |
| 610 | 2 | 0 | |a zmeny klimatické |
| 610 | 2 | 0 | |a USA |
| 700 | 1 | |a Domac, Julije | |
| 700 | 1 | |a Šegon, Velimir | |
| 700 | 1 | |a Dumitriu, Filip | |